Ekstraklasa 2021/2022 - Statystyki

Ogólne statystyki
  • Ten quiz został rozwiązany 24 razy
  • Średni wynik to 16 z 18
Statystyki odpowiedzi
Miejsce w tabeli Punkty Drużyna % Poprawnych
12 40 Jagiellonia Białystok
100%
1 74 Lech Poznań
100%
10 43 Legia Warszawa
100%
3 65 Pogoń Szczecin
100%
2 69 Raków Częstochowa
95%
15 35 Śląsk Wrocław
95%
17 31 Wisła Kraków
95%
8 47 Górnik Zabrze
90%
5 54 Piast Gliwice
90%
6 48 Wisła Płock
90%
4 57 Lechia Gdańsk
86%
16 32 Bruk-Bet Termalica Nieciecza
81%
9 46 Cracovia
81%
14 37 Stal Mielec
81%
18 28 Górnik Łęczna
76%
7 48 Radomiak Radom
76%
11 42 Warta Poznań
76%
13 38 Zagłębie Lubin
71%
Nie znaleziono quizów pasujących do podanych kryteriów
Rozkład punktacji
Procent ludzi z każdym wynikiem
Percentyl według liczby udzielonych odpowiedzi
Twoja historia wyników
Nie rozwiązałeś tego quizu